| 000 | 00721cam a2200277 4500 | ||
|---|---|---|---|
| 008 | 090401t1993 xxu||||| |||| 00| 0 eng d | ||
| 020 | _a0471509450 | ||
| 035 | _a(Sirsi) u3798 | ||
| 041 | _aeng | ||
| 050 | _a690.241 | ||
| 100 | _aWeaver, Martin | ||
| 245 | _aConserving buildings: a guide to techniques and materials. | ||
| 260 |
_aNew York _bJohn Wiley _c1993 |
||
| 300 | _axiv,270p. : ill. ; 28cm. | ||
| 350 | _a66 | ||
| 650 | _aBUILT ENVIRONMENT-BUILDING MATERIALS | ||
| 650 | _aCLEANING | ||
| 650 | _aCONSERVATION | ||
| 650 | _aHISTORIC BUILDINGS | ||
| 650 | _aNORTH AMERICA | ||
| 650 | _aRESTORATION | ||
| 690 | _aCONSERVATION | ||
| 700 | _aMatero, F.G. | ||
| 942 | _n0 | ||
| 948 | _c04/03/1997 | ||
| 999 |
_c85940 _d85940 |
||